[Event "Villarobledo Online Qualifyer"]
[Site "playchess.com #155672"]
[Date "2009.05.23"]
[Round "4"]
[White "retep1"]
[Black "Holzmichl junior"]
[Result "1-0"]
[WhiteElo "1564"]
[BlackElo "1212"]
[PlyCount "147"]
[EventDate "2009.05.23"]
[EventType "swiss (blitz)"]

1. d4 {[%emt 0:00:03]} e6 {[%emt 0:00:00]} 2. c4 {[%emt 0:00:02]} Nf6 {[%emt 0:
00:02]} 3. Nf3 {[%emt 0:00:01]} d5 {[%emt 0:00:01]} 4. Nc3 {[%emt 0:00:01]}
dxc4 {[%emt 0:00:01]} 5. Bg5 {[%emt 0:00:01]} Nc6 {[%emt 0:00:00]} 6. e3 {
[%emt 0:00:03]} Be7 {[%emt 0:00:02]} 7. Bxc4 {[%emt 0:00:01]} a6 {[%emt 0:00:
02]} 8. a4 {[%emt 0:00:02]} b5 {[%emt 0:00:01]} 9. axb5 {[%emt 0:00:02]} Nb8 {
[%emt 0:00:02]} 10. bxa6 {[%emt 0:00:04]} Bxa6 {[%emt 0:00:01]} 11. Bxa6 {
[%emt 0:00:01]} Rxa6 {[%emt 0:00:01]} 12. O-O {[%emt 0:00:01]} Rxa1 {[%emt 0:
00:01]} 13. Qxa1 {[%emt 0:00:02]} Nc6 {[%emt 0:00:00]} 14. Bxf6 {[%emt 0:00:03]
} Bxf6 {[%emt 0:00:01]} 15. Qa3 {[%emt 0:00:01]} Be7 {[%emt 0:00:02]} 16. Qa4 {
[%emt 0:00:03]} Qd6 {[%emt 0:00:05]} 17. Ne4 {[%emt 0:00:04]} Qd5 {[%emt 0:00:
03]} 18. Nc3 {[%emt 0:00:03]} Qd6 {[%emt 0:00:07]} 19. Nb5 {[%emt 0:00:04]} Qd7
{[%emt 0:00:05]} 20. Na7 {[%emt 0:00:17]} Nxa7 {[%emt 0:00:07]} 21. Qxa7 {
[%emt 0:00:01]} O-O {[%emt 0:00:04]} 22. Rc1 {[%emt 0:00:03]} Qb5 {[%emt 0:00:
02]} 23. Qxc7 {[%emt 0:00:05]} Qxb2 {[%emt 0:00:05]} 24. Qc2 {[%emt 0:00:05]}
Qxc2 {[%emt 0:00:02]} 25. Rxc2 {[%emt 0:00:01]} Ra8 {[%emt 0:00:02]} 26. g3 {
[%emt 0:00:01]} Ra1+ {[%emt 0:00:03]} 27. Kg2 {[%emt 0:00:01]} Ra8 {[%emt 0:00:
05]} 28. Rc7 {[%emt 0:00:03]} Bf8 {[%emt 0:00:02]} 29. Ne5 {[%emt 0:00:03]} h6
{[%emt 0:00:00]} 30. Rxf7 {[%emt 0:00:03]} g5 {[%emt 0:00:03]} 31. Rb7 {[%emt
0:00:21]} Bd6 {[%emt 0:00:02]} 32. Nf3 {[%emt 0:00:06]} Bf8 {[%emt 0:00:06]
Holzmichl junior bietet Remis} 33. g4 {[%emt 0:00:09]} Ra6 {[%emt 0:00:04]} 34.
h3 {[%emt 0:00:03]} Ra8 {[%emt 0:00:06]} 35. Ne5 {[%emt 0:00:05]} Bd6 {[%emt 0:
00:04]} 36. Nc6 {[%emt 0:00:05]} Rc8 {[%emt 0:00:05]} 37. Rb6 {[%emt 0:00:10]}
Bc7 {[%emt 0:00:04]} 38. Ra6 {[%emt 0:00:01]} Bd8 {[%emt 0:00:08]} 39. Nxd8 {
[%emt 0:00:02]} Rxd8 {[%emt 0:00:00]} 40. Rxe6 {[%emt 0:00:02]} Kh7 {[%emt 0:
00:05]} 41. Kg3 {[%emt 0:00:03]} Kg7 {[%emt 0:00:03]} 42. h4 {[%emt 0:00:03]}
gxh4+ {[%emt 0:00:03]} 43. Kxh4 {[%emt 0:00:01]} Rf8 {[%emt 0:00:01]} 44. f4 {
[%emt 0:00:03]} Rh8 {[%emt 0:00:05]} 45. f5 {[%emt 0:00:04]} Kf7 {[%emt 0:00:
02]} 46. Kh5 {[%emt 0:00:02]} Ra8 {[%emt 0:00:04]} 47. Rxh6 {[%emt 0:00:21]}
Ra3 {[%emt 0:00:06]} 48. e4 {[%emt 0:00:04]} Rh3+ {[%emt 0:00:02]} 49. Kg5 {
[%emt 0:00:01]} Re3 {[%emt 0:00:02]} 50. e5 {[%emt 0:00:02]} Rd3 {[%emt 0:00:
01]} 51. Rd6 {[%emt 0:00:01]} Ke7 {[%emt 0:00:05]} 52. d5 {[%emt 0:00:03]} Re3
{[%emt 0:00:02]} 53. Re6+ {[%emt 0:00:01]} Kd7 {[%emt 0:00:02]} 54. d6 {[%emt
0:00:01]} Rh3 {[%emt 0:00:05]} 55. Re7+ {[%emt 0:00:02]} Kd8 {[%emt 0:00:02]}
56. f6 {[%emt 0:00:02]} Rh8 {[%emt 0:00:01]} 57. f7 {[%emt 0:00:02]} Rf8 {
[%emt 0:00:14]} 58. Re8+ {[%emt 0:00:03]} Rxe8 {[%emt 0:00:01]} 59. fxe8=Q+ {
[%emt 0:00:03]} Kxe8 {[%emt 0:00:00]} 60. Kf6 {[%emt 0:00:02]} Kd7 {[%emt 0:00:
01]} 61. e6+ {[%emt 0:00:01]} Kxd6 {[%emt 0:00:01]} 62. e7 {[%emt 0:00:00]} Kd7
{[%emt 0:00:01]} 63. Kf7 {[%emt 0:00:01]} Kd6 {[%emt 0:00:02]} 64. e8=Q {[%emt
0:00:02]} Kd5 {[%emt 0:00:01]} 65. g5 {[%emt 0:00:01]} Kd6 {[%emt 0:00:00]} 66.
g6 {[%emt 0:00:01]} Kd5 {[%emt 0:00:00]} 67. g7 {[%emt 0:00:01]} Kd6 {[%emt 0:
00:00]} 68. g8=Q {[%emt 0:00:03]} Kd5 {[%emt 0:00:00]} 69. Qg5+ {[%emt 0:00:02]
} Kd6 {[%emt 0:00:01]} 70. Qge7+ {[%emt 0:00:01]} Kd5 {[%emt 0:00:03]} 71.
Q7d7+ {[%emt 0:00:00]} Kc5 {[%emt 0:00:01]} 72. Qec8+ {[%emt 0:00:01]} Kb6 {
[%emt 0:00:01]} 73. Qdb7+ {[%emt 0:00:02]} Ka5 {[%emt 0:00:00]} 74. Qca8# {
[%emt 0:00:01]} 1-0

[Event "Villarobledo Online Qualifyer"]
[Site "playchess.com #155672"]
[Date "2009.05.23"]
[Round "4"]
[White "Drago_infiammato"]
[Black "HappyTriggerFool"]
[Result "0-1"]
[WhiteElo "2048"]
[BlackElo "2470"]
[PlyCount "64"]
[EventDate "2009.05.23"]
[EventType "swiss (blitz)"]

1. e4 {[%emt 0:00:07]} d6 {[%emt 0:00:02]} 2. d4 {[%emt 0:00:05]} g6 {[%emt 0:
00:01]} 3. Nc3 {[%emt 0:00:03]} Bg7 {[%emt 0:00:01]} 4. f4 {[%emt 0:00:02]} c5
{[%emt 0:00:01]} 5. dxc5 {[%emt 0:00:02]} Qa5 {[%emt 0:00:01]} 6. Bd2 {[%emt 0:
00:05]} Qxc5 {[%emt 0:00:01]} 7. Nf3 {[%emt 0:00:01]} Nc6 {[%emt 0:00:02]} 8.
Bd3 {[%emt 0:00:01]} Bg4 {[%emt 0:00:02]} 9. h3 {[%emt 0:00:02]} Bxf3 {[%emt 0:
00:02]} 10. Qxf3 {[%emt 0:00:00]} Nf6 {[%emt 0:00:01]} 11. Be3 {[%emt 0:00:03]}
Qa5 {[%emt 0:00:01]} 12. O-O {[%emt 0:00:01]} O-O {[%emt 0:00:01]} 13. Rad1 {
[%emt 0:00:06]} Nb4 {[%emt 0:00:05]} 14. a3 {[%emt 0:00:04]} Nxd3 {[%emt 0:00:
01]} 15. cxd3 {[%emt 0:00:00]} Rac8 {[%emt 0:00:05]} 16. Rc1 {[%emt 0:00:04]}
a6 {[%emt 0:00:04]} 17. Rf2 {[%emt 0:00:06]} e6 {[%emt 0:00:06]} 18. Rfc2 {
[%emt 0:00:11]} b5 {[%emt 0:00:18]} 19. Nd5 {[%emt 0:00:53]} Rxc2 {[%emt 0:00:
02]} 20. Ne7+ {[%emt 0:00:02]} Kh8 {[%emt 0:00:02]} 21. Rxc2 {[%emt 0:00:00]}
Ng8 {[%emt 0:01:01]} 22. Nc6 {[%emt 0:00:12]} Qe1+ {[%emt 0:00:01]} 23. Kh2 {
[%emt 0:00:08]} Qb1 {[%emt 0:00:04]} 24. Qf2 {[%emt 0:00:05]} f5 {[%emt 0:00:
13]} 25. Bd4 {[%emt 0:00:05]} fxe4 {[%emt 0:00:13]} 26. Bxg7+ {[%emt 0:00:06]}
Kxg7 {[%emt 0:00:01]} 27. dxe4 {[%emt 0:00:21]} e5 {[%emt 0:00:01]} 28. f5 {
[%emt 0:00:13]} Nf6 {[%emt 0:00:04]} 29. fxg6 {[%emt 0:00:15]} hxg6 {[%emt 0:
00:05]} 30. Re2 {[%emt 0:00:11]} Nxe4 {[%emt 0:00:21]} 31. Qa7+ {[%emt 0:00:01]
} Rf7 {[%emt 0:00:01]} 32. Qxa6 {[%emt 0:00:10]} Qd3 {[%emt 0:00:01] Tempo} 0-1

[Event "Villarobledo Online Qualifyer"]
[Site "playchess.com #155672"]
[Date "2009.05.23"]
[Round "4"]
[White "Daky Fighter"]
[Black "Nounours"]
[Result "1-0"]
[WhiteElo "1641"]
[BlackElo "1430"]
[PlyCount "55"]
[EventDate "2009.05.23"]
[EventType "swiss (blitz)"]

1. e4 {[%emt 0:00:02]} d5 {[%emt 0:00:01]} 2. exd5 {[%emt 0:00:01]} Nf6 {[%emt
0:00:00]} 3. Nc3 {[%emt 0:00:01]} c6 {[%emt 0:00:01]} 4. d4 {[%emt 0:00:03]} g6
{[%emt 0:00:02]} 5. Nf3 {[%emt 0:00:03]} Bg4 {[%emt 0:00:02]} 6. Be2 {[%emt 0:
00:04]} Bg7 {[%emt 0:00:01]} 7. Bg5 {[%emt 0:00:03]} h6 {[%emt 0:00:04]} 8.
Bxf6 {[%emt 0:00:02]} exf6 {[%emt 0:00:01]} 9. h3 {[%emt 0:00:03]} Bd7 {[%emt
0:00:03]} 10. dxc6 {[%emt 0:00:01]} Nxc6 {[%emt 0:00:02]} 11. O-O {[%emt 0:00:
20]} O-O {[%emt 0:00:04]} 12. d5 {[%emt 0:00:05]} Ne5 {[%emt 0:00:06]} 13. Re1
{[%emt 0:00:06]} Rc8 {[%emt 0:00:16]} 14. Bd3 {[%emt 0:00:08]} Nc4 {[%emt 0:00:
08]} 15. Bxc4 {[%emt 0:00:02]} Rxc4 {[%emt 0:00:02]} 16. Qe2 {[%emt 0:00:08]}
Rc8 {[%emt 0:00:14]} 17. Rad1 {[%emt 0:00:02]} Qc7 {[%emt 0:00:08]} 18. Qd2 {
[%emt 0:00:01]} Qd6 {[%emt 0:00:03]} 19. Ne4 {[%emt 0:00:09]} Qb6 {[%emt 0:00:
16]} 20. b3 {[%emt 0:00:05]} f5 {[%emt 0:00:02]} 21. Ng3 {[%emt 0:00:16]} Bc3 {
[%emt 0:00:02]} 22. Qxh6 {[%emt 0:00:01]} Bxe1 {[%emt 0:00:05]} 23. Rxe1 {
[%emt 0:00:46]} Rxc2 {[%emt 0:00:03]} 24. Rf1 {[%emt 0:00:27]} Bb5 {[%emt 0:00:
09]} 25. Ng5 {[%emt 0:00:07]} Qxf2+ {[%emt 0:01:26] '} 26. Rxf2 {[%emt 0:00:04]
} Rc1+ {[%emt 0:00:11]} 27. Kh2 {[%emt 0:00:01]} Rc7 {[%emt 0:00:14]} 28. Qh7#
{[%emt 0:00:15]} 1-0

[Event "Villarobledo Online Qualifyer"]
[Site "playchess.com #155672"]
[Date "2009.05.23"]
[Round "4"]
[White "Peterdrost"]
[Black "Sparta Praha"]
[Result "1/2-1/2"]
[WhiteElo "2204"]
[BlackElo "2665"]
[PlyCount "135"]
[EventDate "2009.05.23"]
[EventType "swiss (blitz)"]

1. d4 {[%emt 0:00:00]} d5 {[%emt 0:00:01]} 2. c4 {[%emt 0:00:06]} e6 {[%emt 0:
00:02]} 3. Nc3 {[%emt 0:00:01]} Nf6 {[%emt 0:00:01]} 4. cxd5 {[%emt 0:00:01]}
exd5 {[%emt 0:00:01]} 5. Bg5 {[%emt 0:00:00]} c6 {[%emt 0:00:01]} 6. e3 {[%emt
0:00:01]} Bf5 {[%emt 0:00:01]} 7. Qf3 {[%emt 0:00:04]} Bg6 {[%emt 0:00:01]} 8.
Bxf6 {[%emt 0:00:01]} Qxf6 {[%emt 0:00:01]} 9. Qxf6 {[%emt 0:00:01]} gxf6 {
[%emt 0:00:01]} 10. Nf3 {[%emt 0:00:03]} Nd7 {[%emt 0:00:01]} 11. Nh4 {[%emt 0:
00:08]} Bb4 {[%emt 0:00:10]} 12. Rc1 {[%emt 0:00:02]} Nb6 {[%emt 0:00:03]} 13.
a3 {[%emt 0:00:09]} Bxc3+ {[%emt 0:00:14]} 14. bxc3 {[%emt 0:00:01]} Kd7 {
[%emt 0:00:06]} 15. c4 {[%emt 0:00:02]} dxc4 {[%emt 0:00:01]} 16. Bxc4 {[%emt
0:00:01]} Nxc4 {[%emt 0:00:02]} 17. Rxc4 {[%emt 0:00:02]} a5 {[%emt 0:00:02]}
18. Kd2 {[%emt 0:00:03]} Be4 {[%emt 0:00:05]} 19. f3 {[%emt 0:00:05]} Bd5 {
[%emt 0:00:01]} 20. Rc2 {[%emt 0:00:02]} b5 {[%emt 0:00:03]} 21. e4 {[%emt 0:
00:01]} Be6 {[%emt 0:00:08]} 22. Rhc1 {[%emt 0:00:05]} Rhc8 {[%emt 0:00:01]}
23. g4 {[%emt 0:00:13]} b4 {[%emt 0:00:10]} 24. axb4 {[%emt 0:00:01]} axb4 {
[%emt 0:00:01]} 25. Nf5 {[%emt 0:00:18]} b3 {[%emt 0:00:10]} 26. Rb2 {[%emt 0:
00:01]} Ra2 {[%emt 0:00:01]} 27. Rcb1 {[%emt 0:00:02]} Rca8 {[%emt 0:00:02]}
28. Ne3 {[%emt 0:00:08]} R8a5 {[%emt 0:00:02]} 29. f4 {[%emt 0:00:09]} R5a4 {
[%emt 0:00:13]} 30. Kc3 {[%emt 0:00:04]} Kc7 {[%emt 0:00:06]} 31. f5 {[%emt 0:
00:08]} Bc8 {[%emt 0:00:01]} 32. h4 {[%emt 0:00:12]} Ba6 {[%emt 0:00:03]} 33.
g5 {[%emt 0:00:09]} fxg5 {[%emt 0:00:09]} 34. hxg5 {[%emt 0:00:00]} Kd6 {[%emt
0:00:02]} 35. e5+ {[%emt 0:00:03]} Ke7 {[%emt 0:00:01]} 36. d5 {[%emt 0:00:24]}
cxd5 {[%emt 0:00:05]} 37. Nxd5+ {[%emt 0:00:04]} Kd8 {[%emt 0:00:04]} 38. Nb4 {
[%emt 0:00:02]} Bc8 {[%emt 0:00:04]} 39. Nxa2 {[%emt 0:00:19]} bxa2 {[%emt 0:
00:01]} 40. Ra1 {[%emt 0:00:01]} Bxf5 {[%emt 0:00:01]} 41. Raxa2 {[%emt 0:00:
01]} Rxa2 {[%emt 0:00:08]} 42. Rxa2 {[%emt 0:00:00]} Ke7 {[%emt 0:00:01]} 43.
Ra6 {[%emt 0:00:02]} Kf8 {[%emt 0:00:02]} 44. Kd4 {[%emt 0:00:01]} Kg7 {[%emt
0:00:01]} 45. Ke3 {[%emt 0:00:03]} Be6 {[%emt 0:00:02]} 46. Kf4 {[%emt 0:00:01]
} Kg6 {[%emt 0:00:01]} 47. Ra1 {[%emt 0:00:02]} Kg7 {[%emt 0:00:01]} 48. Ra6 {
[%emt 0:00:02]} Kg6 {[%emt 0:00:01]} 49. Ra1 {[%emt 0:00:02]} Kg7 {[%emt 0:00:
01]} 50. Rg1 {[%emt 0:00:00]} Kg6 {[%emt 0:00:01]} 51. Ke4 {[%emt 0:00:01]}
Bf5+ {[%emt 0:00:01]} 52. Kd5 {[%emt 0:00:01]} Be6+ {[%emt 0:00:01]} 53. Kd6 {
[%emt 0:00:01]} Kg7 {[%emt 0:00:01]} 54. Rf1 {[%emt 0:00:01]} Bc4 {[%emt 0:00:
01]} 55. Rf6 {[%emt 0:00:01]} Bb3 {[%emt 0:00:01]} 56. Kc5 {[%emt 0:00:04]} Ba2
{[%emt 0:00:02]} 57. Kd6 {[%emt 0:00:01]} Bb3 {[%emt 0:00:01]} 58. Kc5 {[%emt
0:00:02]} Ba2 {[%emt 0:00:01]} 59. Rf2 {[%emt 0:00:01]} Be6 {[%emt 0:00:02]}
60. Kd6 {[%emt 0:00:05]} Kg6 {[%emt 0:00:01]} 61. Rf6+ {[%emt 0:00:02]} Kxg5 {
[%emt 0:00:02]} 62. Rxe6 {[%emt 0:00:01]} fxe6 {[%emt 0:00:01]} 63. Kxe6 {
[%emt 0:00:00]} h5 {[%emt 0:00:01]} 64. Kd5 {[%emt 0:00:01]} h4 {[%emt 0:00:01]
} 65. Ke4 {[%emt 0:00:06]} h3 {[%emt 0:00:01]} 66. Kf3 {[%emt 0:00:01]} Kf5 {
[%emt 0:00:01]} 67. Kg3 {[%emt 0:00:01]} Kxe5 {[%emt 0:00:01]} 68. Kxh3 {[%emt
0:00:01]} 1/2-1/2

[Event "Villarobledo Online Qualifyer"]
[Site "playchess.com #155672"]
[Date "2009.05.23"]
[Round "4"]
[White "The great master"]
[Black "Miras"]
[Result "0-1"]
[WhiteElo "1470"]
[BlackElo "1722"]
[PlyCount "50"]
[EventDate "2009.05.23"]
[EventType "swiss (blitz)"]

1. c4 {[%emt 0:00:02]} Nf6 {[%emt 0:00:02]} 2. Nc3 {[%emt 0:00:05]} c5 {[%emt
0:00:01]} 3. Nf3 {[%emt 0:00:03]} Nc6 {[%emt 0:00:01]} 4. g3 {[%emt 0:00:01]}
g6 {[%emt 0:00:00]} 5. Bg2 {[%emt 0:00:00]} Bg7 {[%emt 0:00:04]} 6. O-O {[%emt
0:00:00]} O-O {[%emt 0:00:00]} 7. e3 {[%emt 0:00:05]} Rb8 {[%emt 0:00:07]} 8.
d4 {[%emt 0:00:02]} d6 {[%emt 0:00:07]} 9. a3 {[%emt 0:00:07]} a6 {[%emt 0:00:
02]} 10. d5 {[%emt 0:00:06]} Na5 {[%emt 0:00:03]} 11. b3 {[%emt 0:00:08]} b5 {
[%emt 0:00:02]} 12. Bd2 {[%emt 0:00:14]} bxc4 {[%emt 0:00:04]} 13. bxc4 {[%emt
0:00:08]} Nxc4 {[%emt 0:00:00]} 14. Be1 {[%emt 0:00:07]} Bf5 {[%emt 0:00:44]}
15. Qa4 {[%emt 0:00:24]} Bd3 {[%emt 0:00:07]} 16. Qxa6 {[%emt 0:00:36]} Bxf1 {
[%emt 0:00:18]} 17. Kxf1 {[%emt 0:00:07]} Nb2 {[%emt 0:00:12]} 18. Rb1 {[%emt
0:00:20]} Nd7 {[%emt 0:00:27]} 19. Qe2 {[%emt 0:00:20]} Qa5 {[%emt 0:00:19]}
20. Rxb2 {[%emt 0:00:40]} Bxc3 {[%emt 0:00:03]} 21. Bxc3 {[%emt 0:00:01]} Qxc3
{[%emt 0:00:02]} 22. Rxb8 {[%emt 0:00:00]} Rxb8 {[%emt 0:00:02]} 23. a4 {[%emt
0:00:00]} Rb1+ {[%emt 0:00:04]} 24. Ne1 {[%emt 0:00:01]} Ne5 {[%emt 0:00:03]}
25. Qa6 {[%emt 0:00:05]} Qxe1# {[%emt 0:00:03]} 0-1

[Event "Villarobledo Online Qualifyer"]
[Site "playchess.com #155672"]
[Date "2009.05.23"]
[Round "4"]
[White "Schnickschnack"]
[Black "Z_Grandic"]
[Result "0-1"]
[WhiteElo "2120"]
[BlackElo "2531"]
[PlyCount "60"]
[EventDate "2009.05.23"]
[EventType "swiss (blitz)"]

1. c4 {[%emt 0:00:01]} c6 {[%emt 0:00:01]} 2. Nc3 {[%emt 0:00:01]} d5 {[%emt 0:
00:00]} 3. d4 {[%emt 0:00:01]} Nf6 {[%emt 0:00:01]} 4. Nf3 {[%emt 0:00:01]} Bg4
{[%emt 0:00:01]} 5. e3 {[%emt 0:00:03]} e6 {[%emt 0:00:01]} 6. h3 {[%emt 0:00:
04]} Bh5 {[%emt 0:00:01]} 7. Be2 {[%emt 0:00:09]} Bd6 {[%emt 0:00:01]} 8. O-O {
[%emt 0:00:04]} O-O {[%emt 0:00:01]} 9. b3 {[%emt 0:00:02]} Nbd7 {[%emt 0:00:
01]} 10. Bb2 {[%emt 0:00:01]} Rc8 {[%emt 0:00:02]} 11. Rc1 {[%emt 0:00:02]} Bb8
{[%emt 0:00:01]} 12. Qc2 {[%emt 0:00:28]} Re8 {[%emt 0:00:06]} 13. e4 {[%emt 0:
00:09]} dxe4 {[%emt 0:00:04]} 14. Nxe4 {[%emt 0:00:01]} Nxe4 {[%emt 0:00:01]}
15. Qxe4 {[%emt 0:00:02]} Nf6 {[%emt 0:00:01]} 16. Qh4 {[%emt 0:00:07]} Qc7 {
[%emt 0:00:16]} 17. g3 {[%emt 0:00:08]} Bg6 {[%emt 0:00:51]} 18. Ne5 {[%emt 0:
00:14]} Qa5 {[%emt 0:00:04]} 19. Bd3 {[%emt 0:01:02]} Qxa2 {[%emt 0:00:37]} 20.
Nxg6 {[%emt 0:00:25]} hxg6 {[%emt 0:00:02]} 21. Bc3 {[%emt 0:00:08]} Qxb3 {
[%emt 0:00:16]} 22. Rfe1 {[%emt 0:00:11]} Qa3 {[%emt 0:00:06]} 23. Kg2 {[%emt
0:00:16]} Red8 {[%emt 0:00:44] '} 24. Rc2 {[%emt 0:00:02]} b5 {[%emt 0:00:09]}
25. cxb5 {[%emt 0:00:02]} cxb5 {[%emt 0:00:01]} 26. Bxb5 {[%emt 0:00:01]} Rxc3
{[%emt 0:00:05]} 27. Rxc3 {[%emt 0:00:01]} Qxc3 {[%emt 0:00:01]} 28. Re3 {
[%emt 0:00:01]} Qxd4 {[%emt 0:00:03]} 29. Qg5 {[%emt 0:00:02]} Qd5+ {[%emt 0:
00:03]} 30. Qxd5 {[%emt 0:00:01]} Rxd5 {[%emt 0:00:00] Schnickschnack gibt auf}
0-1

[Event "Villarobledo Online Qualifyer"]
[Site "playchess.com #155672"]
[Date "2009.05.23"]
[Round "4"]
[White "Freuds"]
[Black "BigBee"]
[Result "0-1"]
[WhiteElo "1493"]
[BlackElo "1781"]
[PlyCount "68"]
[EventDate "2009.05.23"]
[EventType "swiss (blitz)"]

1. e4 {[%emt 0:00:04]} c6 {[%emt 0:00:01]} 2. d4 {[%emt 0:00:02]} d5 {[%emt 0:
00:01]} 3. exd5 {[%emt 0:00:02]} cxd5 {[%emt 0:00:00]} 4. c4 {[%emt 0:00:02]}
Nf6 {[%emt 0:00:02]} 5. Nc3 {[%emt 0:00:02]} Nc6 {[%emt 0:00:01]} 6. Nf3 {
[%emt 0:00:02]} Bg4 {[%emt 0:00:01]} 7. Be3 {[%emt 0:00:01]} e6 {[%emt 0:00:01]
} 8. cxd5 {[%emt 0:00:01]} Nxd5 {[%emt 0:00:02]} 9. Nxd5 {[%emt 0:00:02]} Qxd5
{[%emt 0:00:01]} 10. Be2 {[%emt 0:00:03]} Bb4+ {[%emt 0:00:03]} 11. Bd2 {[%emt
0:00:03]} O-O {[%emt 0:00:16]} 12. Bxb4 {[%emt 0:00:10]} Nxb4 {[%emt 0:00:01]}
13. O-O {[%emt 0:00:06]} Rac8 {[%emt 0:00:04]} 14. a3 {[%emt 0:00:02]} Nc6 {
[%emt 0:00:16]} 15. Rc1 {[%emt 0:00:10]} Rfd8 {[%emt 0:00:03]} 16. Rc5 {[%emt
0:00:43]} Qd6 {[%emt 0:00:12]} 17. Rg5 {[%emt 0:00:04]} Bxf3 {[%emt 0:00:17]}
18. Bxf3 {[%emt 0:00:02]} Qxd4 {[%emt 0:00:01]} 19. Qb3 {[%emt 0:00:11]} Qd7 {
[%emt 0:00:20]} 20. Qc3 {[%emt 0:00:34]} Qd4 {[%emt 0:00:12]} 21. Qb3 {[%emt 0:
00:14]} Qd2 {[%emt 0:00:16]} 22. Rg3 {[%emt 0:00:12]} Na5 {[%emt 0:00:09]} 23.
Qb5 {[%emt 0:00:06]} Rc1 {[%emt 0:00:09]} 24. h3 {[%emt 0:00:29]} Rxf1+ {[%emt
0:00:03]} 25. Qxf1 {[%emt 0:00:19]} Qxb2 {[%emt 0:00:05]} 26. Kh2 {[%emt 0:00:
01]} Qe5 {[%emt 0:00:05]} 27. Qb1 {[%emt 0:00:02]} h5 {[%emt 0:00:06]} 28. Bxh5
{[%emt 0:00:01]} Qxh5 {[%emt 0:00:04]} 29. Qb4 {[%emt 0:00:03]} Qe5 {[%emt 0:
00:05]} 30. Qe7 {[%emt 0:00:02]} Rf8 {[%emt 0:00:03]} 31. Qb4 {[%emt 0:00:02]}
Nc6 {[%emt 0:00:07] '} 32. Qxb7 {[%emt 0:00:02]} Nd4 {[%emt 0:00:01]} 33. Qxa7
{[%emt 0:00:02]} Nf5 {[%emt 0:00:02]} 34. f4 {[%emt 0:00:02]} Qxf4 {[%emt 0:00:
02] Freuds abandonne} 0-1

[Event "Villarobledo Online Qualifyer"]
[Site "playchess.com #155672"]
[Date "2009.05.23"]
[Round "4"]
[White "Altruder"]
[Black "Ferdi Sert"]
[Result "1-0"]
[WhiteElo "1671"]
[BlackElo "1880"]
[PlyCount "91"]
[EventDate "2009.05.23"]
[EventType "swiss (blitz)"]

1. d4 {[%emt 0:00:01]} Nf6 {[%emt 0:00:01]} 2. c4 {[%emt 0:00:01]} g6 {[%emt 0:
00:01]} 3. Nc3 {[%emt 0:00:01]} Bg7 {[%emt 0:00:01]} 4. e4 {[%emt 0:00:01]} d6
{[%emt 0:00:01]} 5. Nf3 {[%emt 0:00:01]} O-O {[%emt 0:00:01]} 6. Be2 {[%emt 0:
00:01]} e5 {[%emt 0:00:01]} 7. O-O {[%emt 0:00:02]} Nc6 {[%emt 0:00:01]} 8. d5
{[%emt 0:00:01]} Ne7 {[%emt 0:00:01]} 9. Ne1 {[%emt 0:00:01]} Nd7 {[%emt 0:00:
04]} 10. Be3 {[%emt 0:00:01]} f5 {[%emt 0:00:02]} 11. f3 {[%emt 0:00:01]} f4 {
[%emt 0:00:01]} 12. Bf2 {[%emt 0:00:01]} Nf6 {[%emt 0:00:00]} 13. b4 {[%emt 0:
00:01]} Rf7 {[%emt 0:00:02]} 14. a4 {[%emt 0:00:02]} g5 {[%emt 0:00:03]} 15. a5
{[%emt 0:00:01]} Ng6 {[%emt 0:00:01]} 16. c5 {[%emt 0:00:01]} Bf8 {[%emt 0:00:
01]} 17. cxd6 {[%emt 0:00:01]} cxd6 {[%emt 0:00:01]} 18. Nb5 {[%emt 0:00:01]}
h5 {[%emt 0:00:26]} 19. Nxa7 {[%emt 0:00:02]} Bd7 {[%emt 0:00:02]} 20. Bb5 {
[%emt 0:00:23]} g4 {[%emt 0:00:06]} 21. Bxd7 {[%emt 0:00:04]} Qxd7 {[%emt 0:00:
01]} 22. Bb6 {[%emt 0:00:19]} Rg7 {[%emt 0:00:02]} 23. Rc1 {[%emt 0:00:04]} Nh4
{[%emt 0:00:03]} 24. Rc7 {[%emt 0:00:05]} Qe8 {[%emt 0:00:12]} 25. Rxg7+ {
[%emt 0:00:11]} Kxg7 {[%emt 0:00:01]} 26. Qc2 {[%emt 0:00:28]} Qg6 {[%emt 0:00:
06]} 27. Kh1 {[%emt 0:00:10]} g3 {[%emt 0:00:15]} 28. h3 {[%emt 0:00:02]} Nxd5
{[%emt 0:00:08]} 29. exd5 {[%emt 0:00:02]} Qxc2 {[%emt 0:00:03]} 30. Nxc2 {
[%emt 0:00:01]} Nf5 {[%emt 0:00:01]} 31. Rc1 {[%emt 0:00:18]} Ne7 {[%emt 0:00:
06]} 32. Rd1 {[%emt 0:00:13]} Nc8 {[%emt 0:00:06]} 33. Nxc8 {[%emt 0:00:03]}
Rxc8 {[%emt 0:00:01]} 34. Na3 {[%emt 0:00:16]} Rc3 {[%emt 0:00:07]} 35. Ra1 {
[%emt 0:00:02]} Rd3 {[%emt 0:00:17]} 36. b5 {[%emt 0:00:07]} Rxd5 {[%emt 0:00:
11]} 37. a6 {[%emt 0:00:01]} bxa6 {[%emt 0:00:10]} 38. bxa6 {[%emt 0:00:01]}
Rd3 {[%emt 0:00:28]} 39. a7 {[%emt 0:00:02]} d5 {[%emt 0:00:02]} 40. a8=Q {
[%emt 0:00:02]} Bxa3 {[%emt 0:00:02]} 41. Rxa3 {[%emt 0:00:07]} Rd1+ {[%emt 0:
00:02]} 42. Bg1 {[%emt 0:00:02]} Kf6 {[%emt 0:00:04]} 43. Qc6+ {[%emt 0:00:03]}
Kf5 {[%emt 0:00:04]} 44. Ra6 {[%emt 0:00:05]} Rxg1+ {[%emt 0:00:20]} 45. Kxg1 {
[%emt 0:00:00]} d4 {[%emt 0:00:04]} 46. Qf6# {[%emt 0:00:01]} 1-0

[Event "Villarobledo Online Qualifyer"]
[Site "playchess.com #155672"]
[Date "2009.05.23"]
[Round "4"]
[White "TheMaster15"]
[Black "Jebe"]
[Result "0-1"]
[WhiteElo "2320"]
[BlackElo "1944"]
[PlyCount "76"]
[EventDate "2009.05.23"]
[EventType "swiss (blitz)"]

1. e4 {[%emt 0:00:01]} c5 {[%emt 0:00:02]} 2. Nf3 {[%emt 0:00:01]} d6 {[%emt 0:
00:03]} 3. d4 {[%emt 0:00:01]} cxd4 {[%emt 0:00:04]} 4. Nxd4 {[%emt 0:00:00]}
Nf6 {[%emt 0:00:01]} 5. Nc3 {[%emt 0:00:01]} g6 {[%emt 0:00:08]} 6. Be3 {[%emt
0:00:01]} Bg7 {[%emt 0:00:02]} 7. f3 {[%emt 0:00:01]} Nc6 {[%emt 0:00:06]} 8.
Qd2 {[%emt 0:00:02]} O-O {[%emt 0:00:04]} 9. Bc4 {[%emt 0:00:01]} Bd7 {[%emt 0:
00:09]} 10. O-O-O {[%emt 0:00:05]} Nxd4 {[%emt 0:00:10]} 11. Bxd4 {[%emt 0:00:
02]} b5 {[%emt 0:00:05]} 12. Bb3 {[%emt 0:00:03]} a5 {[%emt 0:00:08]} 13. Nd5 {
[%emt 0:00:01]} a4 {[%emt 0:00:19]} 14. Nxf6+ {[%emt 0:00:09]} Bxf6 {[%emt 0:
00:09]} 15. Bd5 {[%emt 0:00:05]} Bxd4 {[%emt 0:00:21]} 16. Qxd4 {[%emt 0:00:02]
} Rb8 {[%emt 0:00:08]} 17. a3 {[%emt 0:00:24]} Qa5 {[%emt 0:00:12]} 18. c3 {
[%emt 0:00:04]} Rfc8 {[%emt 0:00:03]} 19. h4 {[%emt 0:00:03]} b4 {[%emt 0:00:
03]} 20. axb4 {[%emt 0:00:05]} Rxb4 {[%emt 0:00:03]} 21. Qd2 {[%emt 0:00:11]}
a3 {[%emt 0:00:02]} 22. b3 {[%emt 0:00:13]} a2 {[%emt 0:00:19]} 23. Kb2 {[%emt
0:00:06]} Rbb8 {[%emt 0:00:22]} 24. Ka1 {[%emt 0:00:20]} e6 {[%emt 0:00:02]}
25. Bc4 {[%emt 0:00:02]} Bb5 {[%emt 0:00:05]} 26. b4 {[%emt 0:00:25]} Qa6 {
[%emt 0:00:13]} 27. Bxa2 {[%emt 0:00:14]} Ra8 {[%emt 0:00:04]} 28. g4 {[%emt 0:
00:15]} Rxc3 {[%emt 0:00:05]} 29. Rh2 {[%emt 0:00:10]} Ra3 {[%emt 0:00:03]} 30.
Rc1 {[%emt 0:00:13]} Bc4 {[%emt 0:00:01]} 31. Rc2 {[%emt 0:00:04]} Bxa2 {[%emt
0:00:04]} 32. Rxa2 {[%emt 0:00:08]} Qf1+ {[%emt 0:00:01]} 33. Kb2 {[%emt 0:00:
05]} Rxa2+ {[%emt 0:00:01]} 34. Kc3 {[%emt 0:00:01]} R8a3+ {[%emt 0:00:02]} 35.
Kd4 {[%emt 0:00:02]} Rxd2+ {[%emt 0:00:01]} 36. Rxd2 {[%emt 0:00:02]} Qb5 {
[%emt 0:00:00]} 37. e5 {[%emt 0:00:02]} d5 {[%emt 0:00:01]} 38. Rc2 {[%emt 0:
00:03]} Qxb4+ {[%emt 0:00:02] TheMaster15 gibt auf} 0-1